Յերկերի ժողովածու / (Record no. 8559)
[ view plain ]
| 000 -LEADER | |
|---|---|
| fixed length control field | 01572nam a2200277 a 4500 |
| 003 - CONTROL NUMBER IDENTIFIER | |
| control field | AM-YEHGA |
| 005 - DATE AND TIME OF LATEST TRANSACTION | |
| control field | 20250618070834.0 |
| 008 - FIXED-LENGTH DATA ELEMENTS--GENERAL INFORMATION | |
| fixed length control field | 990120s1934 ai |||||||||||||||||arm d |
| 040 ## - CATALOGING SOURCE | |
| Original cataloging agency | AM-YeHGA |
| 041 1# - LANGUAGE CODE | |
| Language code of text/sound track or separate title | arm |
| 090 ## - LOCALLY ASSIGNED LC-TYPE CALL NUMBER (OCLC); LOCAL CALL NUMBER (RLIN) | |
| -- | 8619 |
| 100 1# - MAIN ENTRY--PERSONAL NAME | |
| Personal name | Դոստոևսկի, Ֆյոդոր Միխայլովիչ |
| Dates associated with a name | 1821-1881 |
| 9 (RLIN) | 6696 |
| 245 10 - TITLE STATEMENT | |
| Title | Յերկերի ժողովածու / |
| Statement of responsibility, etc. | Ֆ. Դոստոևսկի ; Պատ. խմբ.՝ Յե. Չարենց ; Թարգմ.՝ Ալ. Շիրվանզադե, Նար-Դոս, Պ. Մակինցյան ; Առաջաբ.՝ Սուրխաթյան. |
| 260 ## - PUBLICATION, DISTRIBUTION, ETC. | |
| Place of publication, distribution, etc. | Երևան ; |
| -- | Մոսկվա : |
| Name of publisher, distributor, etc. | Հայպետհրատ , |
| Date of publication, distribution, etc. | 1934. |
| 300 ## - PHYSICAL DESCRIPTION | |
| Extent | հատոր |
| 500 ## - GENERAL NOTE | |
| General note | Առաջաբ., էջ՝ 7-48; Ծանոթագրություններ, էջ՝ 470 |
| 505 10 - FORMATTED CONTENTS NOTE | |
| Miscellaneous information | Հ. 1 (1934, 470 էջ) : |
| Title | Խեղճ մարդիկ ; Սպիտակ գիշերներ ; Գեշ անեկդոտ ; Խաղամոլը |
| 650 14 - SUBJECT ADDED ENTRY--TOPICAL TERM | |
| Topical term or geographic name entry element | Ռուս գրականություն |
| General subdivision | Երկերի ժողովածու |
| 700 1# - ADDED ENTRY--PERSONAL NAME | |
| Personal name | Չարենց, Եղիշե Աբգարի, |
| Dates associated with a name | 1897-1937 |
| Relator term | խմբ. |
| Relationship | edt |
| 9 (RLIN) | 1327 |
| 700 1# - ADDED ENTRY--PERSONAL NAME | |
| Personal name | Շիրվանզադե, Ալեքսանդր Մինասի, |
| Dates associated with a name | 1858-1935 |
| Relator term | թարգմ. |
| Relationship | trl |
| 9 (RLIN) | 1334 |
| 700 1# - ADDED ENTRY--PERSONAL NAME | |
| Personal name | Նար-Դոս, |
| Dates associated with a name | 1867-1933 |
| Relator term | թարգմ. |
| Relationship | trl |
| 9 (RLIN) | 1453 |
| 700 1# - ADDED ENTRY--PERSONAL NAME | |
| Personal name | Մակինցյան, Պողոս Մկրտչի, |
| Dates associated with a name | 1884-1938 |
| Relator term | թարգմ. |
| Relationship | trl |
| 700 1# - ADDED ENTRY--PERSONAL NAME | |
| Personal name | Սուրխաթյան, Հարություն Մանուկի, |
| Dates associated with a name | 1882-1938 |
| Relator term | առաջաբան |
| Relationship | aui |
| 9 (RLIN) | 2104 |
| 856 4# - ELECTRONIC LOCATION AND ACCESS | |
| Uniform Resource Identifier | <a href="https://arar.sci.am/dlibra/publication/292081/edition/268193/content">https://arar.sci.am/dlibra/publication/292081/edition/268193/content</a> |
| Link text | Կարդալ առցանց, Հ. 1 |
| 942 ## - ADDED ENTRY ELEMENTS (KOHA) | |
| Source of classification or shelving scheme | Universal Decimal Classification |
| Koha item type | Գրքեր / Books |
| Withdrawn status | Lost status | Source of classification or shelving scheme | Damaged status | Not for loan | Collection | Home library | Current library | Date acquired | Serial enumeration / chronology | Total checkouts | Full call number | Barcode | Date last seen | Cost, replacement price | Price effective from | Koha item type | Public note |
|---|---|---|---|---|---|---|---|---|---|---|---|---|---|---|---|---|---|
| Universal Decimal Classification | General | Fundamental Scientific Library | Fundamental Scientific Library | 21/12/2016 | Հ. 1 | AII/15796 | FL0010766 | 21/12/2016 | 6.00 | 21/12/2016 | Գրքեր / Books | 30 Days Loan | |||||
| Universal Decimal Classification | General | Fundamental Scientific Library | Fundamental Scientific Library | 21/12/2016 | Հ. 1 | AII/22251 | FL0005342 | 21/12/2016 | 1.00 | 21/12/2016 | Գրքեր / Books | 30 Days Loan | |||||
| Universal Decimal Classification | General | Fundamental Scientific Library | Fundamental Scientific Library | 21/12/2016 | Հ. 1 | AII/22252 | FL0005343 | 21/12/2016 | 1.00 | 21/12/2016 | Գրքեր / Books | 30 Days Loan | |||||
| Universal Decimal Classification | Kusikian Individual Collection | Fundamental Scientific Library | Fundamental Scientific Library | 08/09/2020 | Հ. 1 | Կուս/730 | FL0624506 | 08/09/2020 | 08/09/2020 | Գրքեր / Books | ILL Non-Circ |
ՀՀ Գիտությունների ազգային ակադեմիայի հիմնարար գիտական գրադարան = Fundamental Scientific Library of NAS RA
All site content, except where otherwise noted, is licensed under a